|
|
|
|
| LEADER |
00000nam0a2200000 4500 |
| 001 |
312030 |
| 005 |
20231102002438.0 |
| 035 |
|
|
|a (RuTPU)RU\TPU\book\337397
|
| 090 |
|
|
|a 312030
|
| 100 |
|
|
|a 20151215d1982 km y0rusy50 ca
|
| 101 |
0 |
|
|a rus
|
| 102 |
|
|
|a RU
|
| 105 |
|
|
|a a g 001zy
|
| 200 |
1 |
|
|a Ремонт дымовых труб, градирен и антикоррозийных покрытий оборудования электростанций
|e справочное пособие
|f под ред. И. В. Захарова; А. И. Курилова
|
| 210 |
|
|
|a Москва
|c Энергоиздат
|d 1982
|
| 215 |
|
|
|a 216 с.
|c ил.
|
| 320 |
|
|
|a Библиогр.: с. 215
|
| 320 |
|
|
|a Предметный указатель: с. 216-217
|
| 606 |
|
|
|a Электрические станции
|x Ремонт
|2 stltpush
|3 (RuTPU)RU\TPU\subj\27640
|9 51363
|
| 610 |
1 |
|
|a дымовые трубы
|
| 610 |
1 |
|
|a градирни
|
| 610 |
1 |
|
|a оборудование
|
| 610 |
1 |
|
|a коррозия
|
| 610 |
1 |
|
|a защита
|
| 610 |
1 |
|
|a справочники
|
| 675 |
|
|
|a 621.311.2.004(035)
|v 4
|
| 702 |
|
1 |
|a Захаров
|b И. В.
|4 340
|
| 702 |
|
1 |
|a Курилов
|b А. И.
|4 340
|
| 801 |
|
1 |
|a RU
|b 63413507
|c 20151215
|
| 801 |
|
2 |
|a RU
|b 63413507
|c 20180214
|g RCR
|
| 942 |
|
|
|c BK
|